[Event "Bronshoj SenSommer A"]
[White "Hald Falkesgaard, Jeppe"]
[Black "Jensen, Soren Holm"]
[Site "Bronshoj"]
[Round "1"]
[Result "1-0"]
[Date "2020.08.13"]
[WhiteElo "1974"]
[BlackElo "1979"]
[PlyCount "116"]
[EventDate "2020.08.13"]
[EventType "tourn"]
[EventRounds "7"]
[EventCountry "DEN"]
[SourceTitle "EXT 2024"]
[Source "ChessBase"]
[SourceDate "2023.10.10"]
[SourceVersion "1"]
[SourceVersionDate "2023.10.10"]
[SourceQuality "1"]

1. d4 d5 2. c4 e6 3. Nc3 Nf6 4. cxd5 exd5 5. Bg5 Be7 6. e3 c6 7. Bd3 Nbd7 8. Qc2 Nh5 9. Bxe7 Qxe7 10. Nge2 Nb6 11. 0-0 g6 12. Rae1 0-0 13. Nc1 Ng7 14. f3 Ne6 15. Nb3 Re8 16. Qf2 Qf6 17. e4 Nf4 18. Bb1 Bh3 19. Qg3 Bxg2 20. e5 Qe7 21. Qxf4 Bxf1 22. Kxf1 Nc4 23. Re2 Rf8 24. Bd3 f6 25. e6 Nd6 26. Nc5 Kg7 27. Nd1 Rfd8 28. Nf2 Ne8 29. Ng4 Rd6 30. Qh6+ Kg8 31. Rg2 Qg7 32. Qxg7+ Kxg7 33. Re2 h5 34. Nf2 Nc7 35. e7 Re8 36. Nxb7 Re6 37. Nd8 Rxe2 38. Bxe2 Rxe7 39. Nxc6 Re6 40. Nxa7 Rb6 41. Nd1 Rb4 42. Nc6 Rb6 43. Na5 Ne6 44. Nb3 Nf4 45. Nc3 Kf7 46. Bb5 Ke7 47. a4 Kd6 48. Nc5 Ne6 49. Nxe6 Kxe6 50. Ke2 Kd6 51. Kd3 Rb8 52. Kc2 Rd8 53. a5 Kc7 54. b4 Kb7 55. Kb3 Rd6 56. Be8 f5 57. Bf7 h4 58. Bxd5+ Ka7 1-0

[Event "Bronshoj-ch A"]
[White "Jorgensen, Mikkel"]
[Black "Jensen, Soren Holm"]
[Site "Copenhagen"]
[Round "7"]
[Result "1/2-1/2"]
[Date "2018.05.17"]
[WhiteElo "1883"]
[BlackElo "1948"]
[PlyCount "75"]
[EventDate "2018.03.08"]
[EventType "tourn"]
[EventRounds "9"]
[EventCountry "DEN"]
[SourceTitle "EXT 2020"]
[Source "ChessBase"]
[SourceDate "2019.10.17"]
[SourceVersion "1"]
[SourceVersionDate "2019.10.17"]
[SourceQuality "1"]

1. e4 e5 2. Nf3 Nc6 3. Bc4 Bc5 4. 0-0 Nf6 5. d4 exd4 6. e5 d5 7. exf6 dxc4 8. Re1+ Kf8 9. fxg7+ Kxg7 10. Ng5 Re8 11. Ne4 Qd5 12. Nbc3 Qf5 13. Ng3 Rxe1+ 14. Qxe1 Qe5 15. Nce4 Be6 16. Bf4 Qd5 17. Qd2 Be7 18. Re1 Rg8 19. Ng5 Bxg5 20. Bxg5 Kf8 21. Ne4 Qf5 22. Bh6+ Ke7 23. Ng3 Qd5 24. Qf4 Kd8 25. f3 d3 26. cxd3 cxd3 27. Rd1 Kc8 28. b3 Rd8 29. Bg5 Qd4+ 30. Qxd4 Rxd4 31. Ne4 Bf5 32. Nd2 b5 33. Rc1 Kb7 34. Rc5 Bg6 35. Rxb5+ Kc8 36. Rc5 Kb7 37. Be3 Rd7 38. Rb5+ 1/2-1/2

[Event "Bronshoj-ch A"]
[White "Christensen, Esben"]
[Black "Jensen, Soren Holm"]
[Site "Copenhagen"]
[Round "5"]
[Result "1/2-1/2"]
[Date "2018.04.19"]
[WhiteElo "2005"]
[BlackElo "1948"]
[PlyCount "73"]
[EventDate "2018.03.08"]
[EventType "tourn"]
[EventRounds "9"]
[EventCountry "DEN"]
[SourceTitle "EXT 2020"]
[Source "ChessBase"]
[SourceDate "2019.10.17"]
[SourceVersion "1"]
[SourceVersionDate "2019.10.17"]
[SourceQuality "1"]

1. e4 e5 2. Nf3 Nc6 3. Bc4 Bc5 4. c3 Nf6 5. b4 Bb6 6. d3 d6 7. a4 a6 8. Bb3 h6 9. 0-0 0-0 10. Nbd2 Bg4 11. h3 Bh5 12. Nc4 Ba7 13. Be3 Bxe3 14. Nxe3 Ne7 15. Re1 c6 16. g4 Bg6 17. Nh4 Bh7 18. Qf3 Qc7 19. Nef5 Nxf5 20. Nxf5 Bxf5 21. Qxf5 Qd7 22. Qf3 Rae8 23. d4 Nh7 24. h4 g5 25. h5 Kg7 26. Qd1 Nf6 27. f3 Qc7 28. Kg2 b6 29. Ra2 a5 30. Qd2 Rd8 31. Qe3 Rfe8 32. Rd1 Rb8 33. Qd3 Red8 34. Rad2 Re8 35. Qc4 d5 36. exd5 Nxd5 37. Re1 1/2-1/2

[Event "Bronshoj Autumn-A"]
[White "Jensen, Soren Holm"]
[Black "Strachan, Christian C"]
[Site "Copenhagen"]
[Round "5"]
[Result "1/2-1/2"]
[Date "2017.12.07"]
[WhiteElo "2008"]
[BlackElo "1890"]
[PlyCount "107"]
[EventDate "2017.10.26"]
[EventType "tourn"]
[EventRounds "5"]
[EventCountry "DEN"]
[SourceTitle "EXT 2019"]
[Source "ChessBase"]
[SourceDate "2018.10.10"]
[SourceVersion "1"]
[SourceVersionDate "2018.10.10"]
[SourceQuality "1"]

1. e4 e6 2. d4 d5 3. Nd2 Be7 4. c3 c5 5. exd5 Qxd5 6. dxc5 Qxc5 7. Nb3 Qc6 8. Nf3 Nf6 9. Bd3 0-0 10. 0-0 Nbd7 11. Qe2 a6 12. Bg5 Re8 13. Rfe1 Bd6 14. Bxf6 Nxf6 15. Ne5 Qc7 16. g3 b6 17. Nd4 Bb7 18. Ng4 Nxg4 19. Qxg4 Rad8 20. Qe2 Bc5 21. Rad1 Bxd4 22. cxd4 Qc6 23. Be4 Qxe4 24. Qxe4 Bxe4 25. Rxe4 Rd5 26. Rc1 Red8 27. Rc6 R5d6 28. d5 Rxc6 29. dxc6 Rd1+ 30. Kg2 Rc1 31. Ra4 a5 32. b4 Rxc6 33. bxa5 bxa5 34. Rxa5 Kf8 35. Ra7 Rc2 36. h4 h5 37. Kf3 g6 38. Ke3 Kg7 39. f3 Rc3+ 40. Ke4 Kf6 41. a4 Rb3 42. Rd7 Ra3 43. Rd4 Ke7 44. g4 f5+ 45. gxf5 gxf5+ 46. Ke5 Rxf3 47. Rb4 Re3+ 48. Kf4 Ra3 49. Kg5 Rg3+ 50. Kxh5 Kf6 51. Rb8 Rg7 52. Rf8+ Ke7 53. Ra8 Kf6 54. Rf8+ 1/2-1/2

[Event "Bronshoj Autumn-A"]
[White "Kokholm, Daniel"]
[Black "Jensen, Soren Holm"]
[Site "Copenhagen"]
[Round "3"]
[Result "1/2-1/2"]
[Date "2017.11.16"]
[WhiteElo "1936"]
[BlackElo "2008"]
[PlyCount "86"]
[EventDate "2017.10.26"]
[EventType "tourn"]
[EventRounds "5"]
[EventCountry "DEN"]
[SourceTitle "EXT 2019"]
[Source "ChessBase"]
[SourceDate "2018.10.10"]
[SourceVersion "1"]
[SourceVersionDate "2018.10.10"]
[SourceQuality "1"]

1. e4 e5 2. Nc3 Nf6 3. Bc4 Nc6 4. d3 Na5 5. Bb3 Nxb3 6. axb3 c6 7. Qe2 d6 8. f4 exf4 9. Bxf4 Be7 10. Nf3 0-0 11. 0-0 h6 12. Kh1 Nh7 13. Qf2 a6 14. d4 Ng5 15. Rae1 Nxf3 16. Qxf3 Bg5 17. g3 Qe7 18. d5 Bd7 19. Na4 Bxf4 20. gxf4 cxd5 21. exd5 Qf6 22. Nb6 Rad8 23. Nxd7 Rxd7 24. c3 Re7 25. Re4 Rfe8 26. Rfe1 Qh4 27. Rxe7 Rxe7 28. Re4 Kf8 29. Qe3 Rxe4 30. Qxe4 g5 31. Kg2 a5 32. Qe3 Qxf4 33. Qxf4 gxf4 34. Kf3 Ke7 35. Kxf4 Kf6 36. h4 h5 37. Ke4 Kg6 38. c4 b6 39. Kf4 f6 40. Ke4 f5+ 41. Kf3 Kf7 42. Ke3 Ke7 43. Kf3 Kf7 1/2-1/2

[Event "Bronshoj SenSommer A"]
[White "Tandrup, Michael"]
[Black "Jensen, Soren Holm"]
[Site "Bronshoj"]
[Round "1"]
[Result "1-0"]
[Date "2015.08.20"]
[WhiteElo "1960"]
[BlackElo "2058"]
[PlyCount "73"]
[EventDate "2015.08.20"]
[EventType "swiss"]
[EventRounds "7"]
[EventCountry "DEN"]
[SourceTitle "EXT 2024"]
[Source "ChessBase"]
[SourceDate "2023.10.10"]
[SourceVersion "1"]
[SourceVersionDate "2023.10.10"]
[SourceQuality "1"]

1. d4 Nf6 2. Nf3 e6 3. c4 Bb4+ 4. Bd2 Bxd2+ 5. Nbxd2 d5 6. e3 0-0 7. Bd3 Nbd7 8. 0-0 b6 9. cxd5 exd5 10. b4 c5 11. bxc5 bxc5 12. dxc5 Nxc5 13. Nb3 Nxd3 14. Qxd3 Qe7 15. Rfc1 Be6 16. Nbd4 Rfc8 17. Qa6 Ne4 18. Nxe6 Qxe6 19. Qa5 Qb6 20. Qxd5 Qb2 21. Rxc8+ Rxc8 22. Rd1 Qb4 23. Ne5 Rf8 24. Nc6 Qa4 25. Ne7+ Kh8 26. Qd8 Qe8 27. Qxe8 Rxe8 28. Nc6 Nc3 29. Rd7 a6 30. a3 Nb5 31. a4 Nc3 32. a5 h5 33. h3 Re6 34. Nd8 Re4 35. Nxf7+ Kg8 36. Ng5 Re8 37. Ra7 1-0

[Event "Bronshoj-ch B"]
[White "Jensen, Soren Holm"]
[Black "Bilandzic, Ante"]
[Site "Bronshoj"]
[Round "1"]
[Result "1-0"]
[Date "2015.??.??"]
[WhiteElo "2008"]
[BlackElo "1896"]
[PlyCount "45"]
[EventDate "2015.03.05"]
[EventType "tourn"]
[EventRounds "9"]
[EventCountry "DEN"]
[SourceTitle "EXT 2024"]
[Source "ChessBase"]
[SourceDate "2023.10.10"]
[SourceVersion "1"]
[SourceVersionDate "2023.10.10"]
[SourceQuality "1"]

1. e4 c6 2. d4 d5 3. Nc3 dxe4 4. Nxe4 Nd7 5. Ng5 Ngf6 6. Bd3 e6 7. N1f3 Be7 8. Qe2 Nb6 9. Bd2 a5 10. 0-0 0-0 11. Rad1 h6 12. Ne4 Nbd5 13. c4 Nxe4 14. Bxe4 Nf6 15. Bc2 Qc7 16. Ne5 c5 17. Bf4 Rd8 18. Nd3 Qb6 19. Nxc5 Bxc5 20. dxc5 Rxd1 21. Rxd1 Qc6 22. Rd8+ Ne8 23. Be4 1-0

[Event "Copenhagen Bronshoj Sensommer"]
[White "Jensen, Soren Holm"]
[Black "Nielsen, Brian"]
[Site "Copenhagen"]
[Round "6"]
[Result "1/2-1/2"]
[Date "2014.10.02"]
[WhiteElo "1975"]
[BlackElo "2032"]
[PlyCount "33"]
[EventDate "2014.08.28"]
[EventType "tourn"]
[EventRounds "7"]
[EventCountry "DEN"]
[SourceTitle "EXT 2016"]
[Source "ChessBase"]
[SourceDate "2015.10.08"]
[SourceVersion "1"]
[SourceVersionDate "2015.10.08"]
[SourceQuality "1"]

1. e4 d6 2. d4 Nf6 3. Nc3 g6 4. f4 Bg7 5. Nf3 c5 6. Bb5+ Bd7 7. Bxd7+ Nfxd7 8. d5 b5 9. 0-0 Qb6 10. Kh1 0-0 11. Ne2 Na6 12. Ng3 Nc7 13. f5 b4 14. Rb1 Qb5 15. Bg5 Rae8 16. Qd2 Nf6 17. Bh6 1/2-1/2

[Event "Bronshoj Autumn op"]
[White "Jensen, Soren Holm"]
[Black "Nielsen, John Holm"]
[Site "Copenhagen"]
[Round "1"]
[Result "1/2-1/2"]
[Date "2014.10.??"]
[WhiteElo "1974"]
[BlackElo "2022"]
[PlyCount "91"]
[EventDate "2014.10.23"]
[EventType "swiss"]
[EventRounds "5"]
[EventCountry "DEN"]
[SourceTitle "EXT 2023"]
[Source "ChessBase"]
[SourceDate "2022.10.05"]
[SourceVersion "1"]
[SourceVersionDate "2022.10.05"]
[SourceQuality "1"]

1. e4 e5 2. Nf3 Nc6 3. Bb5 a6 4. Ba4 Nf6 5. 0-0 Be7 6. Bxc6 dxc6 7. d3 Bg4 8. h3 Bxf3 9. Qxf3 Qd7 10. Nd2 0-0-0 11. Nc4 Qe6 12. Bd2 h6 13. Bc3 Bd6 14. Rae1 Nd7 15. Qf5 Qxf5 16. exf5 f6 17. d4 exd4 18. Bxd4 Rhe8 19. Ne3 Re4 20. Bc3 Rde8 21. Nc4 Rxe1 22. Rxe1 Rxe1+ 23. Bxe1 Ne5 24. Nxe5 Bxe5 25. c3 Kd7 26. g3 c5 27. Kg2 c4 28. Kf3 c5 29. Ke4 Kc6 30. g4 b5 31. h4 Bd6 32. Bd2 Be7 33. Bf4 Bd6 34. Be3 Be7 35. f3 Bd8 36. g5 hxg5 37. hxg5 fxg5 38. Ke5 Bf6+ 39. Ke6 b4 40. Bd2 a5 41. Be1 a4 42. a3 b3 43. Bd2 Bd8 44. Be1 Bf6 45. Bd2 Bd8 46. Be1 1/2-1/2

[Event "Politiken Cup 35th"]
[White "Nielsen, Lars Aaes"]
[Black "Jensen, Soren Holm"]
[Site "Helsingor"]
[Round "2"]
[Result "1-0"]
[Date "2013.07.28"]
[WhiteElo "2265"]
[BlackElo "2004"]
[PlyCount "117"]
[EventDate "2013.07.27"]
[EventType "swiss"]
[EventRounds "10"]
[EventCountry "DEN"]
[SourceTitle "CBM 155 Extra"]
[Source "ChessBase"]
[SourceDate "2013.08.26"]
[SourceVersion "1"]
[SourceVersionDate "2013.08.26"]
[SourceQuality "1"]

1. e4 e5 2. Bc4 Nc6 3. d3 Nf6 4. Nc3 Na5 5. Bb3 Nxb3 6. axb3 Bc5 7. Nf3 d6 8. Na4 Qe7 9. h3 h6 10. Bd2 Nd7 11. b4 Bb6 12. Nxb6 Nxb6 13. Be3 Bd7 14. Bxb6 cxb6 15. 0-0 0-0 16. d4 a5 17. bxa5 bxa5 18. Re1 Bc6 19. Qd2 b6 20. dxe5 dxe5 21. Qc3 Bb7 22. Qxe5 Qxe5 23. Nxe5 Rfe8 24. Nc4 Rxe4 25. Nxb6 Ra6 26. Nd7 Rb4 27. b3 Rc6 28. c4 g6 29. Rxa5 Rxb3 30. Nc5 Rb2 31. Re8+ Kg7 32. Rb8 Rc7 33. Kh2 Rb1 34. Nxb7 Rbxb7 35. Rxb7 Rxb7 36. Kg3 Rb3+ 37. Kf4 Rb4 38. Rc5 Rb2 39. Ke3 Kf6 40. Rc6+ Ke7 41. g3 Rc2 42. h4 h5 43. Rc8 Kd7 44. Rc5 Ke6 45. f3 Rc3+ 46. Kf4 Rc1 47. Re5+ Kf6 48. Re4 Rc3 49. g4 hxg4 50. fxg4 Rh3 51. g5+ Kg7 52. Ke5 Rc3 53. Kd5 f5 54. gxf6+ Kxf6 55. c5 Kf5 56. Rc4 Rd3+ 57. Rd4 Re3 58. c6 Rc3 59. Kd6 1-0

[Event "Copenhagen-ch Obro 75th"]
[White "Jensen, Soren Holm"]
[Black "Brondum, Eric"]
[Site "Copenhagen"]
[Round "8"]
[Result "1/2-1/2"]
[Date "2011.10.21"]
[WhiteElo "1994"]
[BlackElo "2140"]
[PlyCount "26"]
[EventDate "2011.10.14"]
[EventType "swiss"]
[EventRounds "9"]
[EventCountry "DEN"]
[SourceTitle "EXT 2018"]
[Source "ChessBase"]
[SourceDate "2017.10.13"]
[SourceVersion "1"]
[SourceVersionDate "2017.10.13"]
[SourceQuality "1"]

1. e4 c5 2. Nf3 d6 3. d4 cxd4 4. Qxd4 Nc6 5. Bb5 Bd7 6. Bxc6 Bxc6 7. Nc3 Nf6 8. Bg5 e6 9. 0-0-0 Be7 10. Rhe1 Qa5 11. Qd2 0-0 12. Nd4 Rfc8 13. Kb1 Kh8 1/2-1/2